00701nam a22001097a 4500040000800000082002500008100001500033245040400048260002600452300002600478856008700504 cRUA aAGR Y 2009 B041 Or.1 aY, DYLEAK. aeffect pf dofferent of different fertilizer on new rice variety at crop station of royal university of agriculture (ឥទ្ធិពលនៃប្រភេទជីផ្សេងគ្នាទៅលើពួជស្រូវថ្មី នៅស្តានីយ៍ ពិសោធន៍ដំណាំ នៃសាកលវិទ្យាល័យភូមិន្ទកសិកម្ម) aPhnom PenhbRUAc2009 axi, 58p.bill.c29cm. uhttps://drive.google.com/file/d/1wsjqLYgqkIQujUdAvrBzYQ-GWjWsVYVJ/view?usp=sharing